| 000 | 00349cam a2200145ua 4500 | ||
|---|---|---|---|
| 041 |
_ahin _h |
||
| 082 |
_a891.54 _bCHE/TH |
||
| 100 | _aCheckov, Aantom . | ||
| 245 |
_aTheen sall / _cANTON, Chockov. _hTextual Documents |
||
| 260 |
_a : _bRajkamal prakashan , _c1962. |
||
| 300 |
_a128 ; _e`. |
||
| 504 | _a | ||
| 942 | _cBK | ||
| 999 |
_c11884 _d11884 |
||